000 00658nam a22002412 4500
999 _c9586
_d9586
001 0000021195
003 OSt
005 20180314135800.0
008 120202s xx 000 0 eng d
020 _a1847874900 :
040 _aKABU
_cKABU
100 1 _aGreen, Jackie.
245 1 0 _aHealth promotion :
_bplanning & strategies /
_cJackie Green and Keith Tones.
250 _a2nd ed.
260 _aLondon :
_bSage,
_c2010.
300 _axvi, 576 p.
650 0 _aHealth promotion.
650 0 _aPublic health
_xEvaluation.
700 1 _aTones, Keith.
908 _a120202
942 _2lcc
_cBK